000 00983nam a22003017a 4500
001 8256
003 FISKH
005 20250905102747.0
008 250905b cb ||||| |||| 00| 0 eng d
020 _a9780140373868
040 _aFISKH
_beng
_cFISKH
_dFISKH
050 _aPZ7.V3273 O
082 _a820
100 _aLeeuwen, Jean Van
245 _aOliver, Amanda and grandmother pig /
_cby Jean Van Leeween : pictures by Ann Schweninger
260 _aNew York :
_bPenguin Young Readers ,
_c1987.
300 _a56 pages :
_bcolor illustrations ;
_c23 cm .
490 _aOliver and Amanda
505 _aH
520 _aWhen Grandmother Pig comes for a visit, Oliver and Amanda learn just how much fun it is to have a grandmother in the house.
521 8 _a400
_bLexile
521 8 _aH
_bRaz-Plus
650 _aPigs
_vFiction
650 _aGrandmothers
_vFiction
700 _aSchweninger, Ann
_eIllustrator
942 _2ddc
_cBK
_n0
999 _c8256
_d8256